Kendrick Lamar Collaborators - Sudden Death - Statistics

General Stats
  • This quiz has been taken 233 times
  • The average score is 6 of 16
Answers on the Grid
Answers color-coded by a green-red scale on the quiz's grid according to % correct below.
Danny Brown
JID
Ed Sheeran
Kodak Black
Busta Rhymes
J. Cole
Tech N9ne
Juicy J
Big Sean
Mike Shinoda
SZA
Jay-Z
Beyonce
DJ Paul
Alicia Keys
Pharrell Williams
Pusha T
Robin Schulz
Rick Ross
Raekwon
The Lonely Island
B-Real
Fat Joe
Xzibit
Ice Cube
Nicki Minaj
Ghostface Killah
Tenacious D
Rakim
Eminem
 
Answer Stats
Answer % Correct
SZA
76%
J. Cole
70%
Pharrell Williams
56%
Pusha T
56%
Kodak Black
49%
Big Sean
48%
Jay-Z
45%
Beyonce
43%
Eminem
41%
Danny Brown
36%
Busta Rhymes
31%
Ghostface Killah
22%
Rick Ross
22%
Alicia Keys
20%
The Lonely Island
14%
Tech N9ne
11%
No matching quizzes found
Score Distribution
Percent of People with Each Score
Percentile by Number Answered
Your Score History
You have not taken this quiz